| 000 | 00902cam a22002897a 4500 | ||
|---|---|---|---|
| 003 | CHAP | ||
| 005 | 20220329143005.0 | ||
| 008 | 050601d1999 mx r 00110 spa d | ||
| 010 | _a90398 | ||
| 011 | _a91370 | ||
| 020 | _a9682407567 | ||
| 035 | _a101928 | ||
| 040 | _cCHAP | ||
| 082 | 0 | 4 |
_a657 _bF7Y |
| 245 | 1 | 0 | _aFred aprende contabilidad |
| 260 |
_aMéxico, D. F. : _bTrillas, _c1999. |
||
| 300 | _a142 p. | ||
| 590 |
_aBATCH-UPD _b10 _c20130110 _lUCH01 _h1859 |
||
| 590 |
_aCONVERSION _b10 _c20130109 _lUCH01 _h1350 |
||
| 650 | 1 | 4 |
_aContabilidad. _927421 |
| 901 | _aBK | ||
| 905 | _aLilia | ||
| 942 | _cLIBRO | ||
| 949 |
_a657 F7Y _bBC _cLIBRO _d33724000950010 _eLIBRO _gI.c/e _h105897 _i101928 _so _t$60.00 |
||
| 949 |
_a657 F7Y _bBC _cLIBRO _d33724000950028 _eLIBRO _fc.2 _gI.c/e _h105898 _i101928 _sb _t$60.00 |
||
| 949 |
_a657 F7Y _bBC _cLIBRO _d33724000950036 _eLIBRO _fc.3 _gI.c/e _h105899 _i101928 _si _t$60.00 |
||
| 999 |
_c90398 _d90398 |
||